000 00444nam a22001457a 4500
008 230605b xxu||||| |||| 00| 0 eng d
020 _a9966918175
082 _a333.936
_bKAR
100 _cStephen Karekezi
245 _aSustainable Energy in Africa
_bCogeneration and Geothermal in the East and Horn of Africa Status and Prospects
260 _aNairobi
_bAfrepren/fwd
_c2005
300 _a258 pages
600 _cWaeni Kithyoma
942 _2ddc
_cBK
999 _c346
_d346